| 000 | 00346nam a2200145Ia 4500 | ||
|---|---|---|---|
| 005 | 20250430051622.0 | ||
| 008 | 240331s9999 xx 000 0 und d | ||
| 082 |
_bWIJ _a891 |
||
| 100 | _aWijayasriwardena,K.H.De. S | ||
| 245 | 0 | _aThoran kavi | |
| 260 |
_aColombo _bM.D Gunasena Books _c1961 |
||
| 300 | _a239 p ., | ||
| 650 | _aPoems | ||
| 942 | _cL | ||
| 999 |
_c4833 _d4833 |
||